000 00344nam a22001457a 4500
008 230718b ||||| |||| 00| 0 eng d
020 _a9780132830928
041 _aeng
080 _2SIXTH EDITION
_a330.101
082 _a330.101ADD
100 _a23
101 _aMBE
245 _aFOUNDATIONS OF MICROECONOMICS
_cADDISON.W
942 _2udc
_cBK
999 _c60162
_d60162